| 000 | 01811cam a2200313 i 4500 | ||
|---|---|---|---|
| 001 | 17617452 | ||
| 003 | SISC | ||
| 005 | 20170123114347.0 | ||
| 008 | 130207s2014 cau b 001 0 eng | ||
| 010 | _a 2013001199 | ||
| 020 | _a9781452217802 | ||
| 040 |
_aDLC _beng _cDLC _erda _dDLC |
||
| 042 | _apcc | ||
| 050 | 0 | 0 |
_aHD 49 _b.C6625 2014 |
| 082 | 0 | 0 | _a658.4/056 |
| 100 | 1 | _aCoombs, W. Timothy. | |
| 245 | 1 | 0 |
_aApplied crisis communication and crisis management : _bcases and exercises / _cW. Timothy Coombs, University of Central Florida. |
| 260 |
_aLondon : _bSAGE Publication Ltd., _c2014. |
||
| 300 |
_a245 pages ; _c26 cm. |
||
| 504 | _aIncludes bibliographical references and index. | ||
| 505 | 0 | _aA short introduction to the case study method -- Crisis capsules -- Pampers and dry max chemical burn rumor -- Hershey, Cocoa, and child slavery/labor abuse -- Cadbury salmonella recall -- Peanut butter paste recall of 2009 -- Tetra pak, Nestle and ITX -- Nestle and greenpeace disagree over palm oil sourcing -- Carrefour, China, and the Olympic torch relay -- Sparboe farms and McDonald's part company over animal cruelty -- BP Texas city explosion -- Sigg and BPA -- West pharmaceutical services' dust explosion -- Jensen farm, listeria, and cantaloupe -- Chick-fil-a and the dangers of social issues -- The Bhopal tragedy -- Odwalla and e. coli -- Valujet flight 592 and the end of a brand -- Greenpeace pressures H&M to detox the garment industry -- Index -- About the author. | |
| 521 | _aBusiness Administration | ||
| 650 | 0 | _aCrisis management. | |
| 650 | 0 | _aBusiness communication. | |
| 650 | 0 | _aManagement. | |
| 906 |
_a7 _bcbc _corignew _d1 _eecip _f20 _gy-gencatlg |
||
| 942 |
_2lcc _cBK _kFOR |
||
| 999 |
_c275935 _d275935 |
||